000 01910nam a22003497a 4500
999 _c21746
_d21746
003 AR-CdUCM
008 190425b ||||| |||| 00| 0 spa d
040 _aMUNICIPALIDAD PROVINCIAL DEL CUSCO
_cBIBLIOTECA MUNICIPAL DEL CUSCO
082 _aRev.Univ/N°92/1947
_bRev.Univ/N°92/1947
110 _aUniversidad Nacional de San Antonio Abad del Cusco
_915942
245 _aRevista Universitaria :
_bÓrgano de la Universidad del Cuzco /
260 _aCusco :
_bH.G. Rozas,
_c1947.
300 _a248 páginas. :
_bilustraciones ;
_c20 cm.
440 _aRevista Universitaria
_nAño XXXVI, 1° semestre 1947, N°92.
_945946
505 _aContenido: Las insurgencias del Cuzco a través de la historia, discurso de orden leído en la apertura del año académico de 1947 por Luis Velasco Aragón. -- Nacimiento y camino del mestizo ruta del Perú. Alfredo Yépez Miranda. -- Vocabulario Quichua por el padre Diego de Torres Rubio en 1619 (continuación), reedición dirigida por Luis A. Pardo. -- La huérfana y el camisón de satanás, tradición de la parroquia de Santiago. Ángel Carreño. -- ¿Colon no existió? comentario a una importante hipótesis. Julián Santisteban Ochoa. -- Hacia la ciudad de Cajamarca la grande. Horacio Villanueva Urteaga. -- Crónica.
650 _aLevantamientos andinos
_944095
650 _aQuechua
_92063
650 _aDiego de Torres Rubio
_945934
650 _aTradición cusqueña
_932484
650 _aCristóbal Colon
_914110
650 _aCajamarca
_97054
650 _aSiglo XX
_945945
700 _aSantiesteban Ochoa, Julián
_929993
700 _aVelasco Aragón, Luis
_945947
700 _aVillanueva Urteaga, Horacio
_95790
700 _aPardo, Luis A
_925736
700 _aYépez Miranda, Alfredo
_94230
700 _aCarreño, Ángel
_927901
710 _aUniversidad Nacional de San Antonio Abad del Cusco
_915942
942 _2ddc
_cPP
945 _arac